000 01132nam a22002057a 4500
005 20240314162035.0
010 _aB-758293-302
020 _a9789355016898
_c450.00
035 _aB-758293-302
037 _bदिव्यंम
082 _a000
100 _aकेशरी, अनिल
_963370
245 _aभारत का भूगोल मानचित्रों में /
_cअनिल केशरी
250 _a8 वां
260 _aनई दिल्ली
_bएस. चाँद
_c2023
270 _aब्लोक बी-1.हाउस नं. डी -1, ग्राउंड फ्लोर , मोहन को-ओपरेटिव इंडस्ट्रियल स्टेट
_bनई दिल्ली
_e110044
300 _a308 पृ.
_c27सेमी(अजिल्द)
942 _2ddc
_cHN
_h915.4
_mकेशरी
999 _c201327
_d201327